000 00624nam a2200181Ia 4500
003 LK-CoDNM
008 010623t2007 xxu||||| |||| 00| 1 sin d
040 _aLK-CoDNM
_dLK-CoDNM
_eLK-CoDNM
041 _asin
080 _a294.3NAN
100 _aNanda himi,Hiniduma
245 _aඅනුරාධපුර රුවන්වැලි සෑ සහ සූවිසි මහා තෙරුවන් වන්දනා පොත
246 _aAnuradapura Ruwanwali Sa saha Suvisi Maha Teruwan Wandana Pota
260 _bBodigana Asapuwa
_aKocchikade
_c2007
300 _b33p, 30 cm
650 _aBuddhism
942 _cBK
999 _c126477
_d126477